000 00679nam a2200277Ia 4500
005 20260324142725.0
008 008 260324s9999 xx 000 0 eng d
020 _a9780203029350
037 _aEBOOK
040 _aCRL
040 _beng
040 _cCRL
041 _2eng
041 _aeng
084 _qCRL
100 _aDr Robert Wilkinson; Diané Collinson; Robert Wilkinson
_91213011
245 0 _aThirty-Five Oriental Philosophers
260 _bTaylor and Francis
260 _c1994
365 _a
365 _b65.99
856 _uhttp://www.taylorfrancis.com/books/9780203029350
942 _cEBOOK
999 _c1817526
_d1817526